Word Ladder: Pocahontas Quiz Stats

 Plays Quiz Updated Sep 20, 2018

Score 0/40 Timer 05:00
2 Plays Today
Clue 4-Letter Word % Correct
Lunch or dinner, e.g.MEAL
96.2%
Give temporarily, like moneyLEND
95.7%
Go from ice to waterMELT
95.5%
♫ You think the only people who are people
Are the people who look and think _____ you ♫
• LIKE •
95.1%
Pass out cardsDEAL
95%
Soft, grayish metal with chemical symbol PbLEAD
94.4%
Inland body of waterLAKE
94.1%
Tiger Wood’s sportGOLF
93.7%
Spherical object that is kicked, thrown or hit in sportsBALL
93.6%
What Humpty Dumpty sat onWALL
93.6%
Acquire, seizeTAKE
92.7%
♫ The earth is just a ______ thing you can claim ♫• DEAD •
92.5%
Go down like a shipSINK
92.2%
♫ Can you _____ with all the voices of the mountain ♫• SING •
92%
Ingredient in beermakingMALT
91.9%
♫ But I know every rock and tree and creature
Has a life, has a spirit, has a _____
• NAME •
91.9%
Alike, identicalSAME
91.8%
Sea birdGULL
91.7%
Adhesive stripTAPE
91.5%
Actor Le Blanc or Smith, e.g.MATT
91.4%
Clue 4-Letter Word % Correct
Bird’s flying limbWING
91.2%
♫ But if you _____ the footsteps of a stranger
You’ll learn things you never knew, you never knew ♫
• WALK •
91.2%
Matador’s bovine foeBULL
91.1%
Life partnerMATE
90.8%
♫ Have you ever heard the ______ cry to the blue corn moon
Or asked the grinning bobcat why he grinned ♫
• WOLF •
90.5%
Deep inlet of sea almost surrounded by landGULF
90.4%
Flirty with an eyeWINK
90.4%
QueueLINE
90.4%
♫ You think you own whatever _____ you _____ on ♫• LAND •
90.2%
Back of the neckNAPE
90.2%
To mix or blend (UK)MELL
86.9%
Lustrous fabric used to make stockings and scarvesSILK
86.7%
♫ Can you paint with all the colors of the _____
Can you paint with all the colors of the _____
• WIND •
86.3%
Trig functionSINE
86%
Fill up, like a tummySATE
85.5%
He discovered the polio vaccineSALK
83.9%
The office, for someWORK
80.6%
A Scottish roofing beamSILE
80.1%
One really into politicsWONK
77.8%
Klingon on Star Trek: TNGWORF
76.9%

Today's Daily Dose

Missing Word
Banned Books (A-Z)

Word Ladder
Janis Joplin

Get the Picture
Occupations

You're not logged in!

Compare scores with friends on all Sporcle quizzes.
OR
Log In

Sporcle TV

Today on Sporcle TV


Watch our educational content, quiz creation guides, and fun videos on Sporcle TV.

Show Comments

Extras

Top Quizzes Today


Score Distribution

Your Account Isn't Verified!

In order to create a playlist on Sporcle, you need to verify the email address you used during registration. Go to your Sporcle Settings to finish the process.

Report this User

Report this user for behavior that violates our Community Guidelines.

Details: